000 01274nji a22003017a 4500
005 20100903161258.0
006 a|||||r|||||00| 0
007 sd ammalaaahaa
008 100830t xxu||||| |||| 00| 0 eng d
028 _aN 55344
_bHis Master's Voice
035 _aGR-01592
040 _aSED
_cSED
100 _917455
_aRafi, Mohd
245 _aDulhan ek raat ki /
_cby Mohd Rafi ; Music by Madan Mohan ; Lyris by Raja Mehdi Ali Kahn
_h[sound recording] :
246 _aदुल्हन एक रात की / मोहद रफ़ी द्वारा
260 _aDum Dum, India
_bHis Master's Voice
300 _a1 sound disc [Gramophone Recording]:
_banalog, 33 1/3 rpm
_c9.5 in. (MP)
_fGramophone Record
500 _aBrief Record
505 _a Side 1 एक हसीन शाम को (Ek haseen saam ko ) (Mohd Rafi ) side 2 (कई दिन से जी है बेकल )Kai din se ji hai bekal (Lata Mangeskar)
650 _aClassical music
_zIndia
_91186
_xExcerpts
700 _917416
_aMangeskar, Lata
700 _917456
_aMadan Mohan
700 _aRaja Mehdi Ali Kahn
_919067
700 _919087
700 _919088
942 _2ddc
_cGR
999 _c44855
_d44855